Score 0/25 Timer 06:00
0 Plays Today
% Correct
laboratory
96%
landslide
95.4%
labrador
95.3%
laminate
94.8%
lasso
94.8%
leprechaun
94.7%
ligament
94.4%
lager
94.4%
labyrinth
94.2%
larynx
93.5%
legion
92.8%
loofah
92.5%
liaison
92.5%
% Correct
lemur
92.3%
lance
91.7%
laureate
91.1%
levy
90.9%
loathsome
90.8%
lynx
90.7%
lute
90.7%
lychee
90.5%
lackluster
90%
lei
89.7%
lurid
87.4%
limpet
78.7%
Come Together.
Have Fun.
All Virtual.
We all need to come together. Play Sporcle's virtual live trivia to have fun, connect with people, and get your trivia on. Join a live hosted trivia game for your favorite pub trivia experience done virtually. If a virtual private party is more your thing, go here for details.

You're not logged in!

Compare scores with friends on all Sporcle quizzes.
OR
Log In

Sporcle TV

Today on Sporcle TV


Watch our educational content, quiz creation guides, and fun videos on Sporcle TV.

Show Comments

Extras

Top Quizzes Today


Score Distribution

Paid Content

Your Account Isn't Verified!

In order to create a playlist on Sporcle, you need to verify the email address you used during registration. Go to your Sporcle Settings to finish the process.

Report this User

Report this user for behavior that violates our Community Guidelines.

Details: